La poesía lírica española

Gespeichert in:
Bibliographische Detailangaben
1. Verfasser: Díaz-Plaja, Guillermo (VerfasserIn)
Format: Buch
Sprache:Spanisch
Veröffentlicht: Barcelona Labor 1937
Schriftenreihe:Colección Labor. Ciencias Literarias, 401-402
Schlagworte:
Tags: Tag hinzufügen
Keine Tags, Fügen Sie den ersten Tag hinzu!

MARC

LEADER 00000nam a2200000 a 4500
001 UCY8304
003 CL-VaPUC
008 950703e19370000SP |||||||||||||||||spa|d
082 0 4 |a 861.09  |b DIA  |2 21 
100 0 |a Díaz-Plaja, Guillermo  |e author  |9 339586 
245 1 3 |a La poesía lírica española 
300 |a 441 p 
942 |c BK 
945 |d 19950703 00:00:00  |a rbrito 
260 |a Barcelona  |b Labor  |c 1937 
650 0 |a Poesía española  |9 264938 
650 0 |a Crítica literaria   |9 269189 
650 0 |a Historia  |9 255047 
650 0 |a Edad media  |9 258041 
650 0 |a Renacimiento  |9 255107 
650 0 |a Romanticismo   |9 266698 
650 7 |a NEOCLASISISMO  |2 CL-VaPUC  |9 339587 
650 0 |a Poesía religiosa   |9 339588 
651 0 |a España  |9 254926 
583 |a last modification  |c 20120620 11:10:29  |k Rodrigo Vera 
490 0 |a Colección Labor. Ciencias Literarias, 401-402 
999 |c 235573  |d 235571 
952 |0 0  |1 0  |4 0  |6 861_090000000000000_DIA_1937  |7 0  |8 A  |9 243096  |a BIBEDU  |b BIBEDU  |d 2019-11-18  |i 3096890  |o 861.09 DIA 1937  |p 3096890  |r 2019-11-18  |w 2019-11-18  |y BK  |k LIT